000 01604nam a2200229Ia 4500
999 _c51907
_d51907
001 18907
003 GE_BSU
005 20220920162455.0
008 181216s2008||||ge |||||||||||||| ||geo||
040 _cGE_BSU
041 _ageo
080 _a63 ა-26
100 _aადამია, თ.
_910515
245 _aაზოტიანი სასუქების გავლენა მანდარინის პროდუქტიულობაზე ნეშომპალა - კარბონატულ და ყვითელმიწა ნიადაგების პირობებში: დისერტაცია /
_cთ. ადამია; ბათუმის შოთა რუსთაველის სახელმწიფო უნივერსიტეტი
264 _aბათუმი :
_bბათუმის შოთა რუსთაველის სახ. უნ-ტი,
_c2008.
300 _a125 გვ.;
_b30 სმ.
653 _aაზოტიანი სასუქების გავლენა მანდარინის პროდუქტიულობაზე ნეშომპალა-კარბონატულ და ყვითელმიწა ნიადაგების პირობებში
653 _aდისერტაცია
653 _aსოფლის მეურნეობა
710 _aბათუმის შოთა რუსთაველის სახელმწიფო უნივერსიტეტი
_910516
942 _cBK
_2udc